| 000 | 00412nam a22001697a 4500 | ||
|---|---|---|---|
| 005 | 20180820122928.0 | ||
| 008 | 160621b xxu||||| |||| 00| 0 eng d | ||
| 020 | _a0-333-19312-1 | ||
| 041 | _aeng | ||
| 082 |
_b8747 _a658.4012 |
||
| 100 |
_a Derek and Michael _94841 |
||
| 245 | _aMultinational Strategic Planning | ||
| 260 |
_bMac Millan _c1979 |
||
| 300 | _a327p, | ||
| 650 |
_aManagement _9241 |
||
| 942 | _cBK | ||
| 999 |
_c3386 _d3385 |
||